Bayt al-Maqdis : (Record no. 6174)
[ view plain ]
| 000 -LEADER | |
|---|---|
| fixed length control field | 01295nac a22003131u 4500 |
| 003 - CONTROL NUMBER IDENTIFIER | |
| control field | EG-ScBUE |
| 005 - DATE AND TIME OF LATEST TRANSACTION | |
| control field | 20221213111742.0 |
| 008 - FIXED-LENGTH DATA ELEMENTS--GENERAL INFORMATION | |
| fixed length control field | 110508t1992 enka f b 000 0 eng d |
| 020 ## - INTERNATIONAL STANDARD BOOK NUMBER | |
| International Standard Book Number | 019728017X (v. 1) |
| 040 ## - CATALOGING SOURCE | |
| Original cataloging agency | EG-ScBUE |
| Language of cataloging | eng |
| Description conventions | rda |
| Transcribing agency | EG-ScBUE |
| Modifying agency | EG-ScBUE |
| 082 04 - DEWEY DECIMAL CLASSIFICATION NUMBER | |
| Classification number | 726.569442 |
| Item number | BAY |
| Edition number | 22 |
| 245 00 - TITLE STATEMENT | |
| Title | Bayt al-Maqdis : |
| Remainder of title | Abd al -Malik's Jerusalem. |
| Number of part/section of a work | part one / |
| Statement of responsibility, etc | edited by Julian Raby, Jeremy Johns. |
| 264 #1 - PUBLICATION, DISTRIBUTION, ETC. (IMPRINT) | |
| Place of publication, distribution, etc | Oxford : |
| Name of publisher, distributor, etc | Oxford University Press for the Board of Faculty of Oriental Studies, University of Oxford, |
| Date of publication, distribution, etc | [1992] |
| 264 #4 - PUBLICATION, DISTRIBUTION, ETC. (IMPRINT) | |
| Date of publication, distribution, etc | c1992 |
| 300 ## - PHYSICAL DESCRIPTION | |
| Extent | 162 pages : |
| Other physical details | illustrations ; |
| Dimensions | 25 cm |
| 504 ## - BIBLIOGRAPHY, ETC. NOTE | |
| Bibliography, etc | Includes bibliographical references. |
| 546 ## - LANGUAGE NOTE | |
| Language note | Text in English and French. |
| 600 07 - SUBJECT ADDED ENTRY--PERSONAL NAME | |
| Personal name | Abd al-Malik ibn Marwan, |
| Dates associated with a name | 642-705. |
| Source of heading or term | BUEsh |
| 9 (RLIN) | 23656 |
| 610 27 - SUBJECT ADDED ENTRY--CORPORATE NAME | |
| Corporate name or jurisdiction name as entry element | Qubbat al-Sakhrah (Mosque : Jerusalem) |
| Source of heading or term | BUEsh |
| 9 (RLIN) | 23657 |
| 610 27 - SUBJECT ADDED ENTRY--CORPORATE NAME | |
| Corporate name or jurisdiction name as entry element | Masjid al-Aqsaa (Jerusalem) |
| Geographic subdivision | Jerusalem. |
| Source of heading or term | BUEsh |
| 9 (RLIN) | 23658 |
| 650 #7 - SUBJECT ADDED ENTRY--TOPICAL TERM | |
| Topical term or geographic name as entry element | Architecture, Islamic. |
| Source of heading or term | BUEsh |
| 9 (RLIN) | 23659 |
| 650 #7 - SUBJECT ADDED ENTRY--TOPICAL TERM | |
| Topical term or geographic name as entry element | Decoration and ornament, Islamic |
| Geographic subdivision | Jerusalem. |
| Source of heading or term | BUEsh |
| 9 (RLIN) | 23660 |
| 651 #7 - SUBJECT ADDED ENTRY--GEOGRAPHIC NAME | |
| Geographic name | Temple Mount (Jerusalem) |
| General subdivision | Buildings, structures, etc. |
| Source of heading or term | BUEsh |
| 9 (RLIN) | 23661 |
| 653 ## - INDEX TERM--UNCONTROLLED | |
| Resource For college | Arts and Design |
| 655 ## - INDEX TERM--GENRE/FORM | |
| Form subdivision | Reading book |
| 700 1# - ADDED ENTRY--PERSONAL NAME | |
| Personal name | Raby, Julian, |
| Relator term | editor. |
| 9 (RLIN) | 23662 |
| 700 1# - ADDED ENTRY--PERSONAL NAME | |
| Personal name | Johns, Jeremy, |
| Dates associated with a name | 1954- |
| Relator term | editor. |
| 9 (RLIN) | 23663 |
| 942 ## - ADDED ENTRY ELEMENTS (KOHA) | |
| Koha item type | Book - Borrowing |
| Call number prefix | 726.2569442 BAY |
| Source of classification or shelving scheme | Dewey Decimal Classification |
| Withdrawn status | Lost status | Source of classification or shelving scheme | Damaged status | Not for loan | Collection code | Home library | Current library | Shelving location | Date acquired | Source of acquisition | Total Checkouts | Full call number | Barcode | Date last seen | Date checked out | Price effective from | Koha item type |
|---|---|---|---|---|---|---|---|---|---|---|---|---|---|---|---|---|---|
| Dewey Decimal Classification | Central Library | Central Library | Second Floor | 07/11/2014 | 1 | 726.2569442 BAY | 000007237 | 15/07/2025 | 10/11/2013 | 14/11/2007 | Book - Borrowing |